Morges - Choix Multiples - Statistiques

Statistiques générales
  • Ce quiz a été pris 20 fois
  • Le résultat moyen est 7 sur 10
Statistiques - réponses
Question Réponse % Correct
Au bord de quel lac se trouve Morges ? Léman
100%
Quelle fleur y est célébrée chaque printemps ? Tulipe
83%
Laquelle de ces images représente l'artère principale de la ville ?
78%
Comment s'appelle la rivière qui traverse Morges ? Morges, logiquement
78%
Qu'est-ce qui coupa la ville et son développement urbain en deux en 1964 ? La construction d'une autoroute qui traverse la ville
72%
Quel ancien gardien de l'équipe suisse de football est né à Morges en 1988, et a joué pour le FC Bâle, Gladbach, le Bayern et désormais l'Inter Milan ? Yann Sommer
67%
Quelle dynastie fonde la ville en 1286 ? Savoie
61%
De quelle nationalité était le musicien et diplomate Ignacy Paderewski, qui cofonda en 1936 le Front Morges pour protéger l'indépendance et les intérêts de son pays ? Polonais
56%
Quelle fonction n'a PAS le château de Morges aujourd'hui ? Cinéma
44%
Que trouve-t-on sur les quais, selon le nom d'une manifestation culturelle ? Le livre
44%
Aucun quiz correspondant
Distribution des résultats
% des personnes avec chaque résultat
Percentile par nombre de réponses
Votre historique - résultats
Vous n’avez pas pris ce quiz